تلاشِ نور/ (Record no. 108975)
[ view plain ]
| 000 -LEADER | |
|---|---|
| fixed length control field | 00811nam a22002657a 4500 |
| 005 - DATE AND TIME OF LATEST TRANSACTION | |
| control field | 20170123162347.0 |
| 010 ## - LIBRARY OF CONGRESS CONTROL NUMBER | |
| LC control number | A-442866 |
| 020 ## - INTERNATIONAL STANDARD BOOK NUMBER | |
| Terms of availability | 50.00 |
| 037 ## - SOURCE OF ACQUISITION | |
| Source of stock number/acquisition | Cen Lib/Ret |
| Stock number | A-442866 |
| 040 ## - CATALOGING SOURCE | |
| Original cataloging agency | DPL |
| Language of cataloging | UR |
| 082 ## - DEWEY DECIMAL CLASSIFICATION NUMBER | |
| Classification number | 841 |
| Edition number | د ر ش |
| 100 ## - MAIN ENTRY--PERSONAL NAME | |
| Personal name | درشن سنگھ |
| 9 (RLIN) | 134223 |
| 245 ## - TITLE STATEMENT | |
| Title | تلاشِ نور/ |
| Statement of responsibility, etc | درشن سنگھ |
| 246 ## - VARYING FORM OF TITLE | |
| Title proper/short title | Talaash-e- noor / |
| Remainder of title | by Darshan Singh |
| 260 ## - PUBLICATION, DISTRIBUTION, ETC. (IMPRINT) | |
| Place of publication, distribution, etc | دہلی |
| Name of publisher, distributor, etc | سا وں کر پا ل روحانی مشن |
| Date of publication, distribution, etc | 2001 |
| 270 ## - ADDRESS | |
| City | دہلی |
| Address | وجے نگر |
| 300 ## - PHYSICAL DESCRIPTION | |
| Extent | 152p. |
| Dimensions | 23cm(Hb) |
| 500 ## - GENERAL NOTE | |
| General note | ill |
| 650 ## - SUBJECT ADDED ENTRY--TOPICAL TERM | |
| Topical term or geographic name as entry element | اردو ادب |
| 9 (RLIN) | 134224 |
| 650 ## - SUBJECT ADDED ENTRY--TOPICAL TERM | |
| Topical term or geographic name as entry element | اردو شا عری |
| 9 (RLIN) | 130236 |
| 650 ## - SUBJECT ADDED ENTRY--TOPICAL TERM | |
| Topical term or geographic name as entry element | Urdu literature |
| 9 (RLIN) | 134225 |
| 650 ## - SUBJECT ADDED ENTRY--TOPICAL TERM | |
| Form subdivision | |
| Topical term or geographic name as entry element | Urdu -- Poetry |
| 9 (RLIN) | 134226 |
| 700 ## - ADDED ENTRY--PERSONAL NAME | |
| Personal name | |
| 9 (RLIN) | 134227 |
| 942 ## - ADDED ENTRY ELEMENTS (KOHA) | |
| Source of classification or shelving scheme | Dewey Decimal Classification |
| Koha item type | Urdu Bks |
| Classification part | 841.08 |
| Call number suffix | د ر ش |
| Withdrawn status | Lost status | Damaged status | Not for loan | Home library | Current library | Date acquired | Source of acquisition | Cost, normal purchase price | Total Checkouts | Full call number | Barcode | Date last seen | Copy number | Cost, replacement price | Price effective from | Koha item type | Public note |
|---|---|---|---|---|---|---|---|---|---|---|---|---|---|---|---|---|---|
| Central Library | Central Library | 16/02/2016 | Cen Lib/Ref | 50.00 | 841 و ر ش | A-442866 | 16/02/2016 | 1 | 50.00 | 16/02/2016 | Urdu Bks | 1 |
